| 000 | 00957nam a22002537a 4500 | ||
|---|---|---|---|
| 003 | DO-SdBNP | ||
| 005 | 20221102105618.0 | ||
| 007 | ta | ||
| 008 | 110301s2022 dr c c 000 0 spa d | ||
| 020 | _a9789945180985 | ||
| 040 |
_aDO-SdBNP _bspa _cBNPHU |
||
| 082 | 4 |
_axxxx _bC112e |
|
| 100 | 1 |
_aCaba, Franz _953018 |
|
| 245 | 1 | 0 |
_aEstoy aquí pero no soy yo / _cFranz Caba ; producción Lucy García ; fotografías Mariano Hernández |
| 260 |
_aSanto Domingo : _bEGRAF, _c2022. |
||
| 300 |
_a70 p. : _bfot. _c25 cm. |
||
| 500 | _aUn catálogo de una exposición individual que sí que estuvo en el Museo Fernando Peña Defilló de Santo Domingo entre el 14 de julio y el 21 de agosto de 2022. | ||
| 500 | _aAuspiciado por: Museo Fernando Peña Defilló, Lucy García Gallery, Anfibio | ||
| 590 | _aInventariado, 2022/ YL | ||
| 700 | 1 | 2 |
_aGarcía, Lucy _eprod. _982657 |
| 700 | 1 | 2 |
_aHernández, Mariano _efot. |
| 910 | _aYLockward | ||
| 942 |
_2ddc _cLBS1 |
||
| 999 |
_c52733 _d52733 |
||